A Text Book of Higher English Grammar / (Record no. 5642)
[ view plain ]
| 000 -LEADER | |
|---|---|
| fixed length control field | 00666nam a2200241 a 4500 |
| 001 - CONTROL NUMBER | |
| JCCL Control Number | 5642 |
| 003 - CONTROL NUMBER IDENTIFIER | |
| JCCL marc code | BD-JhCC |
| 005 - DATE AND TIME OF LATEST TRANSACTION | |
| control field | 20210329134019.0 |
| 008 - FIXED-LENGTH DATA ELEMENTS--GENERAL INFORMATION | |
| fixed length control field | 171219s19471991b |||| || | 000 0 eng d |
| 035 ## - SYSTEM CONTROL NUMBER | |
| system control number | (BD-JhCC)5642 |
| 040 ## - CATALOGING SOURCE | |
| Original cataloging agency | BD-JhCC |
| Modifying agency | BD-JhCC |
| 041 ## - LANGUAGE CODE | |
| Language code of Book | eng |
| 082 ## - DEWEY DECIMAL CLASSIFICATION NUMBER | |
| Classification number | 425 |
| Author mark and Year | IRS 1991 |
| 100 ## - MAIN ENTRY--PERSONAL NAME | |
| Personal name | Irshadullah, MD. |
| 245 ## - TITLE STATEMENT | |
| Title | A Text Book of Higher English Grammar / |
| Statement of responsibility, etc | MD. Irshadullah and Prafulla Kumar De Sarkar |
| 250 ## - EDITION STATEMENT | |
| Edition statement | 2nd ed. |
| 260 ## - PUBLICATION, DISTRIBUTION, ETC. (IMPRINT) | |
| Place of publication, distribution, etc | Dhaka : |
| Name of publisher, distributor, etc | Solar Books & Books, |
| Date of publication, distribution, etc | 1991. |
| 300 ## - PHYSICAL DESCRIPTION | |
| Pagination | 496 p. : |
| Dimensions | 20 cm. |
| 650 ## - SUBJECT ADDED ENTRY--TOPICAL TERM | |
| Topical term or geographic name as entry element | English Language |
| General subdivision | Grammar |
| 700 ## - ADDED ENTRY--PERSONAL NAME | |
| Personal name | Sarkar, Prafulla Kumar De |
| 942 ## - ADDED ENTRY ELEMENTS (KOHA) | |
| Source of classification or shelving scheme | Dewey Decimal Classification |
| Koha item type | Books |
| Koha issues (borrowed), all copies | 2 |
| Source of classification or shelving scheme | Damaged status | Not for loan | Home library | Current library | Shelving location | Cost, normal purchase price | Total Checkouts | Full call number | Barcode | Date last seen | Copy number | Koha item type | Date of accession | Date checked out |
|---|---|---|---|---|---|---|---|---|---|---|---|---|---|---|
| Dewey Decimal Classification | JCC Rouf Library | JCC Rouf Library | General Stacks | 140.00 | 425 IRS 1991 | 7833 | 12/19/2017 | C-1 | Books | |||||
| Dewey Decimal Classification | JCC Rouf Library | JCC Rouf Library | General Stacks | 140.00 | 1 | 425 IRS 1991 | 9366 | 03/20/2022 | C-2 | Books | 01/30/2018 | 03/28/2021 |